<?xml version="1.0" encoding="UTF-8"?>
<marc:record xmlns:marc="http://www.loc.gov/MARC21/slim">
   <marc:leader>00000nam a2200000 a 4500</marc:leader>
   <marc:datafield ind1=" " ind2=" " tag="653">
      <marc:subfield code="a">CD-Hörbuch</marc:subfield>
   </marc:datafield>
   <marc:datafield ind1="0" ind2="0" tag="245">
      <marc:subfield code="a">A Toy Story</marc:subfield>
   </marc:datafield>
   <marc:datafield ind1="0" ind2="0" tag="245">
      <marc:subfield code="b">alles hört auf mein Kommando</marc:subfield>
   </marc:datafield>
   <marc:datafield ind1=" " ind2="1" tag="264">
      <marc:subfield code="a">[Berlin]</marc:subfield>
      <marc:subfield code="b">Hörverlag</marc:subfield>
      <marc:subfield code="c">2019</marc:subfield>
   </marc:datafield>
   <marc:datafield ind1="1" ind2=" " tag="520">
      <marc:subfield code="a">Mittlerweile ist Andy aus dem Alter raus, in dem er noch mit seinen Spielzeugen spielt. Also hat er den Cowboy Woody und den Space-Ranger Buzz Lightyear an seine kleine Freundin Bonnie weitergereicht, damit sie fortan ihre Fantasie mit ihnen ausleben kann. Dann aber bastelt sie in der Vorschule aus einer Gabel ein neues Spielzeug und die harmonische Idylle im Kinderzimmer ist dahin. Denn Forky, so der Name des Gefährten, ist alles andere als glücklich mit seinem Leben als Spielzeug-Gabel. Er ist sich sicher, dass er kein Spielzeug ist, sondern Müll! Als die ganze Familie einen Ausflug macht, springt er kurz entschlossen aus dem Auto. Woody kann und will Forky nicht seinem Schicksal überlassen und eilt ihm hinterher in ein aufregendes Abenteuer, bei dem sie auch auf alte Bekannte treffen. Und auch Buzz will nicht auf seinen Freund Woody verzichten und begibt sich währenddessen selber auf eine Reise, um das ungewöhnliche Duo aufzuspüren...</marc:subfield>
   </marc:datafield>
   <marc:datafield ind1=" " ind2=" " tag="020">
      <marc:subfield code="a">4001504150235</marc:subfield>
      <marc:subfield code="9">4001504150235</marc:subfield>
   </marc:datafield>
   <marc:datafield ind1="3" ind2=" " tag="024">
      <marc:subfield code="a">4001504150235</marc:subfield>
   </marc:datafield>
   <marc:datafield ind1=" " ind2=" " tag="041">
      <marc:subfield code="a">ger</marc:subfield>
   </marc:datafield>
   <marc:datafield ind1=" " ind2=" " tag="500">
      <marc:subfield code="a">das Original-Hörspiel zum Film</marc:subfield>
   </marc:datafield>
   <marc:datafield ind1="0" ind2=" " tag="490">
      <marc:subfield code="v">0</marc:subfield>
   </marc:datafield>
   <marc:datafield ind1=" " ind2=" " tag="300">
      <marc:subfield code="a">1 CD</marc:subfield>
   </marc:datafield>
</marc:record>
